Fiorentina All-Time Starting XI - Statistics

General Stats
  • This quiz has been taken 63 times
  • The average score is 4 of 13
Answer Stats
Position Player % Correct
FW (1991-2000) Gabriel Batistuta
96%
GK (1993–2001) Francesco Toldo
63%
Coach (2005-10/20-21) Cesare Prandelli
54%
MF (1994-2001) Rui Costa
54%
MF (1972-87) Giancarlo Antognoni
50%
FW (1985-90) Roberto Baggio
38%
DF (1982-86) Daniel Passarella
27%
FW (1958-67) Kurt Hamrin
27%
MF (1965-74) Giancarlo De Sisti
10%
DF (1950-58) Ardico Magnini
6%
DF (1948-59) Sergio Cervato
4%
12th player (1949-60) Giuseppe Chiappella
0%
DF (1963–72) Ugo Ferrante
0%
No matching quizzes found
Score Distribution
Percent of People with Each Score
Percentile by Number Answered
Your Score History
You have not taken this quiz